|
|
|
|
| LEADER |
01347nam a2200313 a 4500 |
| 001 |
c000047395 |
| 003 |
CARM |
| 005 |
19990522000000.0 |
| 008 |
760716s1975 at ae s000 0 eng d |
| 019 |
1 |
|
|a 2285034
|z 1640793
|5 LACONCORD2021
|
| 020 |
|
|
|a 072432349X :
|c $21.50 Aust. (set)
|
| 035 |
|
|
|a (OCoLC)27552434
|5 LACONCORD2021
|
| 040 |
|
|
|a ANB
|b eng
|c ANB
|d SSL
|d ANB
|
| 042 |
|
|
|a anuc
|
| 043 |
|
|
|a u-at-sa
|
| 082 |
0 |
4 |
|a 309.262/0994/23/2
|
| 082 |
0 |
4 |
|a 711.4/0994232
|
| 110 |
2 |
|
|a Studio Kazanski.
|
| 245 |
1 |
0 |
|a Monarto design studies :
|b one of two final reports to the Monarto Development Commission /
|c prepared by Studio Kazanski [and] Shankland Cox Partnership.
|
| 260 |
|
|
|a Unley, S.A. :
|b Monarto Development Commission,
|c 1975.
|
| 300 |
|
|
|a 2 vol.(31, 22p.) :
|b ill., plans ;
|c 21x30cm.
|
| 500 |
|
|
|a South Australia. Monarto. Urban development. Reports, surveys (ANB/PRECIS SIN 0046590)
|
| 650 |
|
0 |
|a City planning
|z South Australia.
|
| 651 |
|
0 |
|a City planning
|z South Australia
|z Monarto.
|
| 710 |
2 |
|
|a Shankland Cox Partnership.
|
| 710 |
1 |
|
|a South Australia.
|b Monarto Development Commission.
|
| 852 |
8 |
|
|b CARM
|h A2:AE28D0
|i D00893
|p 0047922
|f BK
|
| 999 |
f |
f |
|i 1dcd6e7d-8063-5b12-9e5d-f727a9afe9d2
|s 63e8420c-c513-569c-9ae1-b09cd32ecef7
|
| 952 |
f |
f |
|p Can circulate
|a CAVAL
|b CAVAL
|c CAVAL
|d CARM 1 Store
|e D00893
|f A2:AE28D0
|h Other scheme
|i book
|m 0047922
|